| 000 | 004760000a22001570004500 | ||
|---|---|---|---|
| 041 | 0 | _aSPA | |
| 082 | 0 | 4 | _aG 253.4 L615d |
| 245 | 1 | 0 | _aSe deciden, ayudemos : Sugestiones para consejeros en campañas evangelísticas y en la obra personal / Alfredo Lerín, Traductor |
| 260 | _aEl Paso, TX., USA : Verdad | ||
| 300 | _a42 Pag | ||
| 001 | 6377 | ||
| 942 | _cBK | ||
| 999 |
_c36649 _d36649 |
||
| 336 |
_atexto _btxt _2rdacontent |
||
| 337 |
_2rdamedia _asin mediación _bn |
||
| 338 |
_2rdacarrier _avolumen _bnc |
||